Física, Ciencias Naturales: programa de estudio, primer año medio

Na minha lista:
Detalhes bibliográficos
Formato: Livro
Idioma:espanhol
Publicado em: Santiago Ministerio de Educación 1998
Colecção:Educación Media, 1
Assuntos:
Tags: Adicionar Tag
Sem tags, seja o primeiro a adicionar uma tag!

MARC

LEADER 00000nam a2200000 a 4500
001 UCP0679
003 CL-VaPUC
008 990319e19980000CL |||||||||||||||||spa|d
020 |a 9567405670 
082 0 4 |a 372.35  |b MIN  |2 21 
245 1 0 |a Física, Ciencias Naturales: programa de estudio, primer año medio 
300 |a 152 p 
942 |c BK 
945 |d 19990319 00:00:00  |a rbrito 
260 |a Santiago  |b Ministerio de Educación  |c 1998 
650 0 |a enseñanza de la física   |9 339846 
650 0 |a Métodos de enseñanza  |9 270413 
650 0 |a Reforma educacional   |9 256319 
583 |a last modification  |c 20140401 05:43:41  |k Rodrigo Vera 
490 0 |a Educación Media, 1 
999 |c 279439  |d 279437 
952 |0 0  |1 0  |4 0  |6 372_350000000000000_MIN_1998  |7 0  |8 R  |9 318892  |a BIBEDU  |b BIBEDU  |d 2019-11-20  |i 3498999  |o 372.35 MIN 1998  |p 3498999  |r 2019-11-20  |w 2019-11-20  |y BK_R  |k EDU 
952 |0 0  |1 0  |4 0  |6 372_350000000000000_MIN_1998  |7 0  |8 R  |9 318898  |a BIBEDU  |b BIBEDU  |d 2019-11-20  |i 3656233  |o 372.35 MIN 1998  |p 3656233  |r 2019-11-20  |w 2019-11-20  |y BK_R  |k BME 
952 |0 0  |1 0  |4 0  |6 372_350000000000000_MIN_1998  |7 0  |8 R  |9 318899  |a BIBEDU  |b BIBEDU  |d 2019-11-20  |i 3778517  |o 372.35 MIN 1998  |p 3778517  |r 2019-11-20  |w 2019-11-20  |y BK_R  |k EPE 
952 |0 0  |1 0  |4 0  |6 372_350000000000000_MIN_1998  |7 0  |8 R  |9 318901  |a BIBEDU  |b BIBEDU  |d 2019-11-20  |i 4323939  |o 372.35 MIN 1998  |p 4323939  |r 2019-11-20  |w 2019-11-20  |y BK_R  |k EBA